Opening product innovation
Dôležitosť internej a externej otvorenosti v inovačných procesoch. Inovačná kultúra v spoločnostiach. Radikálne inovácie, radikálni inovátori.
Saved in:
| Main Author: | |
|---|---|
| Format: | Book Chapter |
| Language: | English |
| Subjects: | |
| Tags: |
No Tags, Be the first to tag this record!
|
MARC
| LEADER | 00000nla a2200000 4500 | ||
|---|---|---|---|
| 001 | 0222351 | ||
| 005 | 20240502083551.6 | ||
| 041 | 0 | |a eng | |
| 044 | |a BG | ||
| 245 | 1 | 0 | |a Opening product innovation |c Ľubica Knošková |
| 520 | |a Dôležitosť internej a externej otvorenosti v inovačných procesoch. Inovačná kultúra v spoločnostiach. Radikálne inovácie, radikálni inovátori. | ||
| 610 | 2 | 0 | |a inovácia výrobkov |
| 610 | 2 | 0 | |a podnik |
| 100 | 1 | |a Knošková, Ľubica, 1965- | |